|
|
|
|
| LEADER |
00000nam0a2200000 4500 |
| 001 |
83331 |
| 005 |
20231031100142.0 |
| 035 |
|
|
|a (RuTPU)RU\TPU\book\89567
|
| 090 |
|
|
|a 83331
|
| 100 |
|
|
|a 20051014d1977 km y0rusy50 ca
|
| 101 |
0 |
|
|a rus
|
| 102 |
|
|
|a RU
|
| 105 |
|
|
|a a z 001zy
|
| 200 |
1 |
|
|a Механика сплавов при кристаллизации слитков и отливок
|f Г. И. Тимофеев
|
| 210 |
|
|
|a Москва
|c Металлургия
|d 1977
|
| 215 |
|
|
|a 160 с.
|c ил.
|
| 320 |
|
|
|a Библиогр.: с. 159
|
| 610 |
1 |
|
|a сплавы
|
| 610 |
1 |
|
|a слитки
|
| 610 |
1 |
|
|a отливки
|
| 610 |
1 |
|
|a механика
|
| 610 |
1 |
|
|a кристаллизация
|
| 610 |
1 |
|
|a кристаллическое строение
|
| 675 |
|
|
|a 669.17
|v 3
|
| 700 |
|
1 |
|a Тимофеев
|b Г. И.
|g Геннадий Иванович
|
| 801 |
|
1 |
|a RU
|b 63413507
|c 20051014
|g PSBO
|
| 801 |
|
2 |
|a RU
|b 63413507
|c 20171130
|g PSBO
|
| 942 |
|
|
|c BK
|